00736nam a2200193 a 450000100060000000300090000600800410001502000150005604000280007108200160009910000210011524500990013626000250023530000080026049000480026850501530031665000250046965000480049422765CO-ViMGA141112s2004 ck r 000 u spa d a8420656682 aCO-ViMGAbspacCO-ViMGA04a864.6 M128j1 aMachado, Antonio10aJuan de Marinea : bsentencias, danaires, apuntes y recuerdos de un profesor apócrifo (1936) aEspaña : bAlianza a359 aEl libro de bolsillo, Literatura española aSevilla una luz con balsones, La realidad y la máscara, Juan de marinea, Del hombre solo y sus circunstancias, Habla juan de marinea a sus alumnos14aENSAYOS ESPAÑOLES 14aLITERATURA ESPAÑOLA - HISTORIA Y CRITICA